Normal view
MARC view
- BINDHU K. GEORGE
Entry Personal Name
001 - CONTROL NUMBER
- control field: 4008
003 - CONTROL NUMBER IDENTIFIER
- control field: OSt
005 - DATE AND TIME OF LATEST TRANSACTION
- control field: 20181122140320.0
008 - FIXED-LENGTH DATA ELEMENTS
- fixed length control field: 181122|| aca||aabn | a|a d
040 ## - CATALOGING SOURCE
- Original cataloging agency: OSt
- Transcribing agency: OSt
100 ## - HEADING--PERSONAL NAME
- Personal name: BINDHU K. GEORGE
670 ## - SOURCE DATA FOUND
- Source citation: Work cat.: (OSt)15239: BINDHU K. GEORGE, Development and testing of a pineapple peeler, corer cum slicer
